| 000 | 00426nam a2200157 a 4500 | ||
|---|---|---|---|
| 005 | 20140412111409.0 | ||
| 008 | 070215s19uu xx 00 eng d | ||
| 020 | _a0-00-713792-3 | ||
| 050 |
_aREF 423 _bCo63 2001 |
||
| 245 | _aCollins new school thesaurus. | ||
| 260 |
_aGreat Britain : _bHarper Collins, _c2001. |
||
| 300 | _a676 | ||
| 500 | _aIncludes index | ||
| 650 | _aDictionaries-English language | ||
| 999 |
_c105632 _d105632 |
||